ბათუმის შოთა რუსთაველის სახელმწიფო უნივერსიტეტის ბიბლიოთეკა

რიწა:აფხაზეთში მომუშავე ქართველი მწერლების ლექსები და მოთხრობები. (ბიბ.ჩანაწერი № 43486)

000 -LEADER
fixed length control field 00840nam a2200205Ia 4500
001 - CONTROL NUMBER
control field 10217
003 - CONTROL NUMBER IDENTIFIER
control field GE_BSU
008 - FIXED-LENGTH DATA ELEMENTS--GENERAL INFORMATION
fixed length control field 181216s||||||||xx |||||||||||||| ||und||
040 ## - CATALOGING SOURCE
Transcribing agency GE_BSU
080 ## - UNIVERSAL DECIMAL CLASSIFICATION NUMBER
Universal Decimal Classification number 821.353.1–1+821.353.1–32
245 ## - TITLE STATEMENT
Title რიწა:აფხაზეთში მომუშავე ქართველი მწერლების ლექსები და მოთხრობები.
245 ## - TITLE STATEMENT
Remainder of title ლექსები და მოთხრობები
245 ## - TITLE STATEMENT
Statement of responsibility, etc. რედ:მოსე გვასალია;მხატვ:პ.გ.ცქვიტარია.
260 ## - PUBLICATION, DISTRIBUTION, ETC.
Place of publication, distribution, etc. სოხუმი
260 ## - PUBLICATION, DISTRIBUTION, ETC.
Name of publisher, distributor, etc. ალაშარა
260 ## - PUBLICATION, DISTRIBUTION, ETC.
Date of publication, distribution, etc. 1968
300 ## - PHYSICAL DESCRIPTION
Extent 407გვ;20სმ.
653 ## - INDEX TERM--UNCONTROLLED
Uncontrolled term რიწა:ლექსები და მოთხრობები
942 ## - ADDED ENTRY ELEMENTS (KOHA)
Koha item type წიგნი
ეგზემპლარები
Withdrawn status Lost status Damaged status Not for loan Date acquired Barcode Date last seen Price effective from Koha item type
        2018-12-17 33550 2018-12-17 2018-12-17 წიგნი